Hlboko eutektické rozpúšťadlá a ich využitie pri frakcionácii biomasy dizertačná práca

Enregistré dans:
Détails bibliographiques
Auteur principal: Škulcová, Andrea
Format: Livre
Langue:slovaque
Publié: Bratislava STU FCHPT 2018
Accès en ligne:Voir à l'OPAC
Tags: Ajouter un tag
Pas de tags, Soyez le premier à ajouter un tag!

MARC

LEADER 00000nam a2200000 a 4500
005 20260127134312.0
008 200520 2018 xo a 001 0 slo d
035 |a vtls011967906 
039 9 |y 202005201219  |z mschk03 
040 |a STUSCHK1  |b slo  |c STUSCHK1  |e AACR2 
100 1 |a Škulcová, Andrea 
245 1 |a Hlboko eutektické rozpúšťadlá a ich využitie pri frakcionácii biomasy  |b dizertačná práca  |c Andrea Škulcová 
260 |a Bratislava  |b STU FCHPT  |c 2018 
300 |a 166 s.  |b Tab., obr.  |c 25 cm 
500 |a Študijný program: technológia polymérnych materiálov 
500 |a Študijný odbor: technológia makromolekulových látok 
500 |a Školiace pracovisko: Oddelenie dreva, celulózy a papiera 
500 |a Evid. číslo: FCHPT-19991-68598 
910 |a SCHK95 
999 |c 9261  |d 9261